IELTS preparation and practice : Reading and writing (Academic module)

A series providing comprehensive preparation for the IELTS.

保存先:
書誌詳細
第一著者: Sahanaya, Wendy
フォーマット: 図書
言語:Undetermined
出版事項: Oxford, N.Y. Oxford University Press 2000
主題:
タグ: タグ追加
タグなし, このレコードへの初めてのタグを付けませんか!
Thư viện lưu trữ: Trung tâm Học liệu Trường Đại học Cần Thơ
LEADER 00786nam a2200241Ia 4500
001 CTU_42300
008 210402s9999 xx 000 0 und d
020 |b 98.000đ 
020 |c 22.85 
082 |a 428.24 
082 |b S131 
100 |a Sahanaya, Wendy 
245 0 |a IELTS preparation and practice : 
245 0 |b Reading and writing (Academic module) 
245 0 |c Wendy Sahanaya, Jeremy Lindeck, Richard Stewart 
260 |a Oxford, N.Y. 
260 |b Oxford University Press 
260 |c 2000 
520 |a A series providing comprehensive preparation for the IELTS. 
650 |a English language,International english language testing system 
650 |x Examinations, questions, etc. 
904 |i Minh 
980 |a Trung tâm Học liệu Trường Đại học Cần Thơ